| 000 -LEADER |
| fixed length control field |
01474nam a2200229Ia 4500 |
| 001 - CONTROL NUMBER |
| control field |
18021 |
| 003 - CONTROL NUMBER IDENTIFIER |
| control field |
GE_BSU |
| 008 - FIXED-LENGTH DATA ELEMENTS--GENERAL INFORMATION |
| fixed length control field |
181216s||||||||xx |||||||||||||| ||und|| |
| 040 ## - CATALOGING SOURCE |
| Transcribing agency |
GE_BSU |
| 080 ## - UNIVERSAL DECIMAL CLASSIFICATION NUMBER |
| Universal Decimal Classification number |
81.141:821 |
| 245 ## - TITLE STATEMENT |
| Title |
მარქსისტული ენათმეცნიერებისათვის |
| 245 ## - TITLE STATEMENT |
| Remainder of title |
აკადემიკოს ნიკო მარრი-სადმი მიძღვნილი საიუბილეო კრებული, მისი სამეცნიერო მოღვაწეობის ორმოცდახუთი წლის შესრულების გამო |
| 245 ## - TITLE STATEMENT |
| Statement of responsibility, etc. |
სარედაქციო კოლეგია: მიხ. ჩიქოვანი, ალ. ღლონტი, მიხ. ჩხენკელი და სხვა |
| 260 ## - PUBLICATION, DISTRIBUTION, ETC. |
| Place of publication, distribution, etc. |
ტფილისი |
| 260 ## - PUBLICATION, DISTRIBUTION, ETC. |
| Name of publisher, distributor, etc. |
სახ.უნ-ტის გამ-ბა |
| 300 ## - PHYSICAL DESCRIPTION |
| Extent |
333გვ. : პორტრ., და ილუსტრ. ; 26სმ. |
| 520 ## - SUMMARY, ETC. |
| Summary, etc. |
დამატებითი თავფ. რუს.ენაზე. - შინაარსი ქართ., რუს. და ფრანგ. ენებზე. |
| 653 ## - INDEX TERM--UNCONTROLLED |
| Uncontrolled term |
მარრი ნიკო |
| 653 ## - INDEX TERM--UNCONTROLLED |
| Uncontrolled term |
მარქსისტული ენათმეცნიერება |
| 653 ## - INDEX TERM--UNCONTROLLED |
| Uncontrolled term |
მარქსისტული ენათმეცნიერებისათვის |
| 942 ## - ADDED ENTRY ELEMENTS (KOHA) |
| Koha item type |
წიგნი |